Kāḷidāsana nāṭakagaḷu. (Record no. 66308)
[ view plain ]
| 000 -LEADER | |
|---|---|
| fixed length control field | 00528cam a22002171 4500 |
| 001 - CONTROL NUMBER | |
| control field | sa 65009619 |
| 003 - CONTROL NUMBER IDENTIFIER | |
| control field | DLC |
| 005 - DATE AND TIME OF LATEST TRANSACTION | |
| control field | 20260227112203.0 |
| 008 - FIXED-LENGTH DATA ELEMENTS--GENERAL INFORMATION | |
| fixed length control field | 890626s1962 ii 000 0 kano |
| 010 ## - LIBRARY OF CONGRESS CONTROL NUMBER | |
| LC control number | sa 65009619 |
| 035 ## - SYSTEM CONTROL NUMBER | |
| System control number | (OCoLC)19928205 |
| 040 ## - CATALOGING SOURCE | |
| Original cataloging agency | DLC |
| Transcribing agency | WaU |
| Modifying agency | DLC |
| 042 ## - AUTHENTICATION CODE | |
| Authentication code | premarc |
| 050 00 - LIBRARY OF CONGRESS CALL NUMBER | |
| Classification number | PK3797 |
| Item number | .K7 |
| 100 1# - MAIN ENTRY--PERSONAL NAME | |
| Personal name | Krishnamoorthy, K., |
| Dates associated with a name | 1923-1997. |
| 245 10 - TITLE STATEMENT | |
| Title | Kāḷidāsana nāṭakagaḷu. |
| 260 ## - PUBLICATION, DISTRIBUTION, ETC. | |
| Date of publication, distribution, etc. | 1962. |
| 300 ## - PHYSICAL DESCRIPTION | |
| Extent | v, 98 p. |
| Dimensions | 17 cm. |
| 500 ## - GENERAL NOTE | |
| General note | In Kannada. |
| 600 00 - SUBJECT ADDED ENTRY--PERSONAL NAME | |
| Personal name | Kālidāsa. |
No items available.